लीक से हट कर (Record no. 3531)

MARC details
000 -LEADER
fixed length control field 01268 a2200253 4500
005 - DATE AND TIME OF LATEST TRANSACTION
control field 2008091107577.0
008 - FIXED-LENGTH DATA ELEMENTS--GENERAL INFORMATION
fixed length control field 080911t xxu||||| |||| 00| 0 hin d
010 ## - LIBRARY OF CONGRESS CONTROL NUMBER
LC control number HIN-79739
020 ## - INTERNATIONAL STANDARD BOOK NUMBER
International Standard Book Number 818203003x
Terms of availability 175.00
035 ## - SYSTEM CONTROL NUMBER
System control number HN-52085
037 ## - SOURCE OF ACQUISITION
Source of stock number/acquisition D.B.Act / pub
082 ## - DEWEY DECIMAL CLASSIFICATION NUMBER
Classification number
100 ## - MAIN ENTRY--PERSONAL NAME
Personal name गैरोला, महाबीर प्रसाद
245 ## - TITLE STATEMENT
Title लीक से हट कर
Statement of responsibility, etc महाबीर प्रसाद गैरोला
246 ## - VARYING FORM OF TITLE
Title proper/short title Leek se hat kar
Remainder of title by Mahavir Prasad Garola
260 ## - PUBLICATION, DISTRIBUTION, ETC. (IMPRINT)
Place of publication, distribution, etc दिल्ली
Name of publisher, distributor, etc लोकप्रिय प्रकाशन
Date of publication, distribution, etc 2005
270 ## - ADDRESS
Address 79,चंदु पार्क,गली नं.20
City दिल्ली
Postal code 110051
300 ## - PHYSICAL DESCRIPTION
Extent 152पृ
Dimensions 22 सेमी (सजिल्द)
650 ## - SUBJECT ADDED ENTRY--TOPICAL TERM
Topical term or geographic name as entry element हिन्दी कहानियाँ
650 ## - SUBJECT ADDED ENTRY--TOPICAL TERM
Topical term or geographic name as entry element Hindi Stories
942 ## - ADDED ENTRY ELEMENTS (KOHA)
Institution code [OBSOLETE] dpl
Koha item type Hindi Books
Call number prefix क / गैरोला
Source of classification or shelving scheme Dewey Decimal Classification
Classification part
Call number suffix गैरोला
Holdings
Withdrawn status Lost status Damaged status Not for loan Home library Current library Date acquired Cost, normal purchase price Total Checkouts Full call number Barcode Date last seen Copy number Uniform Resource Identifier Cost, replacement price Price effective from Koha item type Source of classification or shelving scheme Collection code
        D.B.Act.Division D.B.Act.Division 11/09/2008 175.00   क गैरोला HN-52085 15/09/2008 1 3761 175.00 15/09/2008 Hindi Books    
        Vinoba Puri Vinoba Puri 24/02/2009 175.00   क गैरोला B-317374 24/02/2009 1   175.00 24/02/2009 Hindi Books Dewey Decimal Classification Fiction

© Delhi Public Library
Hit Counter
free hit counter